000 00410nam a22001697a 4500
003 MPLRDC
005 20220104144536.0
008 210129b ||||| |||| 00| 0 eng d
082 _a911.1 HFSQK
100 _a赫伐斯琴科编, 汪启璋译
245 _a音乐基本理论习题
_c
250 _a初版
260 _a
_b音乐出版社
_c1955
300 _b
650 _a
942 _cBK
_o911.1 HFSQK
999 _c50626
_d50616